00672nas a2200217 4500001001300000003000900013005001700022007000300039008003400042040005400076041000900130072000800139100002200147100001900169100001900188245009400207650001300301650002400314650002100338773009500359BR2013006069BR-BrBNA20231205122732.0ta230509b bl.|||p| |||| 00| 00por d aBR-BrBNAbporcBiblioteca Nacional de Agricultura a(Pt) aF611 aMantovani, J.P.M.1 aCalonego, J.C.1 aFoloni, J.S.S.1 aAdubação foliar de boro em diferentes estádios fenológicos da cultura do amendoim aAMENDOIM aADUBAÇÃO FOLIAR aÁCIDO BÓRICO0 tRevista Ceres (Brazil)xISSN 0034-737X g(Mar-Apr 2013), v. 60(2) p. 270-278wBR2013006069